| 000 | 01324nam a22002537a 4500 | ||
|---|---|---|---|
| 005 | 20110829155946.0 | ||
| 010 | _aG-001084 | ||
| 020 |
_c25.00 _a9788190558563 |
||
| 035 | _aG-001084 | ||
| 037 |
_bउपहार _a |
||
| 082 | _aक | ||
| 100 |
_aझारी, रूद्र देव _933936 |
||
| 245 |
_aबौने का उपहार / _cरूद्रदेव झारी _b |
||
| 260 |
_aदिल्ली _bबाल साहित्य प्रकाशन _c2009 |
||
| 270 |
_a29/502, ईस्ट एण्ड अपार्टमैंट्स, मयूर विहार एक्सटेंशन, फेस-1, _b दिल्ली _e110096 _c दिल्ली _k |
||
| 300 |
_a24पृ. _c21 सेमी (अजिल्द) _bसचित्र |
||
| 500 | _a | ||
| 650 |
_a _933937 |
||
| 650 |
_a _933938 |
||
| 700 |
_a _933649 |
||
| 942 |
_adpl _cCH _2ddc _mझारीरू _hक |
||
| 999 |
_c56079 _d56079 |
||